000 00733nam a22002297a 4500
003 UA-OsUOA
001 58517
007 ta
008 20090213b un ||||| |||| 00| 0 ukr d
100 _aШевчук В.О.
700 _aМунько М.М.
090 _a330
_bШ-67
942 _cSA
040 _aUA-OsUOA
_bukr
_cUA-OsUOA
_dUA-OsUOA
245 _aДиспропорції та проблеми розвитку внутрішнього споживчого ринку: регіональний аспект
300 _aС.45-64
955 _a0
041 _aukr
080 _a330
773 0 _w58513
_tРегіональна економіка
_dЛьвів
_d2008
_g4
650 7 _a330 Економіка взагалі
_2UDC
999 _c344599
_d344599